Quản lý hoạt động đào tạo ở trường Trung cấp Bách khoa Sài Gòn thành phố Hồ Chí Minh Luận văn thạc sĩ Khoa học Giáo dục. Chuyên ngành: Quản lý Giáo dục. Mã số: 8.14.01.14

Đã lưu trong:
書目詳細資料
主要作者: Hồ, Bảo Long
其他作者: Nguyễn, Văn Đệ (Hướng dẫn)
格式: 工具包 圖書
出版: Đồng Tháp Đại học Đồng Tháp 2019
主題:
標簽: 添加標簽
沒有標簽, 成為第一個標記此記錄!
Thư viện lưu trữ: Trung tâm Học liệu Lê Vũ Hùng, Trường Đại học Đồng Tháp
LEADER 01208ppm a22002418a 4500
001 00045264
005 20191216171249.0
008 170228s2013 ||||||Viesd
041 0 # |a Vie 
082 1 4 |a 373.246  |b QU105L 
100 1 # |a Hồ, Bảo Long 
245 0 0 |c Hồ Bảo Long; Nguyễn Văn Đệ (hướng dẫn)  |b Luận văn thạc sĩ Khoa học Giáo dục. Chuyên ngành: Quản lý Giáo dục. Mã số: 8.14.01.14  |a Quản lý hoạt động đào tạo ở trường Trung cấp Bách khoa Sài Gòn thành phố Hồ Chí Minh 
260 # # |a Đồng Tháp  |b Đại học Đồng Tháp  |c 2019 
300 # # |a 131 tr. + phụ lục  |c 30 cm.  |e 1 bản tóm tắt + 1 CD 
500 # # |a ĐTTS ghi: Bộ giáo dục và đào tạo. Trường Đại học Đồng Tháp 
653 # # |a Luận văn 
653 # # |a Quản lý giáo dục 
653 # # |a Thành phố Hồ Chí Minh 
653 # # |a Trường Trung cấp 
653 # # |a Đào tạo 
700 1 # |a Nguyễn, Văn Đệ  |e Hướng dẫn 
852 # # |j LV.0002629  |j LV.0002628 
980 # # |a Trung tâm Học liệu Lê Vũ Hùng, Trường Đại học Đồng Tháp